Normal view MARC view
  • Punmia,Dr B C & Others

Entry Personal Name

Number of records used in: 1

001 - CONTROL NUMBER

  • control field: 3950

003 - CONTROL NUMBER IDENTIFIER

  • control field: OSt

005 - DATE AND TIME OF LATEST TRANSACTION

  • control field: 20170919160520.0

008 - FIXED-LENGTH DATA ELEMENTS

  • fixed length control field: 170919|| aca||aabn | a|a d

040 ## - CATALOGING SOURCE

  • Original cataloging agency: OSt
  • Transcribing agency: OSt

100 ## - HEADING--PERSONAL NAME

  • Personal name: Punmia,Dr B C & Others

670 ## - SOURCE DATA FOUND

  • Source citation: Work cat.: (OSt): Punmia,Dr B C & Others, Limit State Design (Reinforced Concrete)